Bayern Munich or Borussia Dortmund? - Statistics

General Stats
  • This quiz has been taken 155 times
  • The average score is 12 of 15
Answer Stats
Question Answer % Correct
Has won more Bundesliga titles Bayern Munich
100%
Has won more Champions League titles Bayern Munich
100%
Its club colours are black and yellow Borussia Dortmund
100%
Has won more national cup titles (DFB-Pokal) Bayern Munich
93%
Has been coached by Jürgen Klopp Borussia Dortmund
93%
Has more members Bayern Munich
90%
Has a basketball section which plays in the EuroLeague, the most prestigous European club competition Bayern Munich
88%
Has a fierce rivalry with Schalke 04 Borussia Dortmund
85%
Had Robert Lewandowski as a striker both
85%
Its women's team has won more national championships Bayern Munich
83%
Its stadium has a larger capacity Borussia Dortmund
78%
Was founded earlier Bayern Munich
76%
Punk band Die Toten Hosen have composed an anti-song against it Bayern Munich
61%
Its second team plays in the higher league (season 2023/24) Borussia Dortmund
56%
Is being traded on the stock market Borussia Dortmund
32%
No matching quizzes found
Score Distribution
Percent of People with Each Score
Percentile by Number Answered
Your Score History
You have not taken this quiz